| 000 | 00872cam a22002893a 4500 | ||
|---|---|---|---|
| 001 | 1862 | ||
| 003 | PGUSA | ||
| 005 | 20140828083007.0 | ||
| 008 | 990801s1999||||xxu|||||s|||||000 1 eng d | ||
| 040 |
_aPGUSA _beng |
||
| 042 | _adc | ||
| 050 | 4 | _aPQ | |
| 100 | 1 |
_aDaudet, Alphonse, _d1840-1897 |
|
| 245 | 1 | 0 |
_aTartarin of Tarascon _h[electronic resource] / _cAlphonse Daudet |
| 260 |
_bProject Gutenberg, _c1999 |
||
| 500 | _aSee also PG#2375 tr. by Oliver C. Colt | ||
| 506 | _aPublic domain in the USA. | ||
| 516 | _aElectronic text | ||
| 653 | _aAdventure stories, French | ||
| 653 | _aLion hunting -- Fiction | ||
| 653 | _aFrench fiction -- Translations into English | ||
| 653 | _aAlgeria -- Fiction | ||
| 653 | _aFrench literature -- 19th century | ||
| 830 | 0 |
_aProject Gutenberg _v1862 |
|
| 856 | 4 | 0 | _uhttp://www.gutenberg.org/ebooks/1862 |
| 942 | _cEB | ||
| 999 |
_c231205 _d231205 |
||